00609 2200217 4500001002100000005001700021008004100038035002500079082001100104090001800115100001800133245008900151250001200240260004400252300002900296500001100325650001200336700001900348850001200367990001200379YOGYA-0209000001740820150330140028.0 ind  a0010-020900000017408 a616.01 a616.01bZin Z aZINSSER, Hans aZisser s textbook of bacteriologycHans Zinzzer, revisi, David T. Smith ... [et al.] a9th. Ed aNew YorkbAppleton-Century-Croftsc1948 axL, 992 hlmbilusc25 cm aIndeks aBakteri aSmith, Davit T aYOPDYOG a20474-a